Loading...
| Fine Arts - Visual Fine Arts | 4 | 7 | 0 | 0 | 130 | 64 | 96.27 | 6 | 11 |
| Literature - European Literature | 5 | 3 | 0 | 0 | 105 | 67 | 93.88 | 5 | 8 |
| Literature - British Literature | 2 | 7 | 1 | 1 | 95 | 64 | 105.67 | 5 | 8 |
| Social Science | 3 | 5 | 2 | 1 | 85 | 64 | 87.38 | 2 | 8 |
| Philosophy | 3 | 5 | 2 | 0 | 85 | 50 | 90.88 | 6 | 7 |
| History - World History | 2 | 4 | 1 | 1 | 65 | 49 | 83.83 | 3 | 6 |
| Literature - World Literature | 2 | 4 | 1 | 0 | 65 | 60 | 98.50 | 3 | 6 |
| History - Ancient History | 2 | 3 | 1 | 1 | 55 | 68 | 99.20 | 2 | 4 |
| Literature - American Literature | 2 | 3 | 1 | 0 | 55 | 52 | 93.00 | 2 | 5 |
| Religion | 0 | 6 | 1 | 1 | 55 | 85 | 106.17 | 1 | 5 |
| Science - Other Science | 1 | 4 | 1 | 1 | 50 | 68 | 95.80 | 2 | 2 |
| History - European History | 3 | 2 | 4 | 0 | 45 | 36 | 64.80 | 3 | 5 |
| History - American History | 1 | 2 | 1 | 2 | 30 | 60 | 94.00 | 1 | 2 |
| Fine Arts - Auditory Fine Arts | 0 | 2 | 1 | 0 | 15 | 110 | 115.50 | 0 | 2 |
| Current Events | 1 | 0 | 0 | 0 | 15 | 78 | 78.00 | 0 | 1 |
| Other Academic | 0 | 1 | 0 | 0 | 10 | 100 | 100.00 | 1 | 1 |
| Geography | 0 | 1 | 0 | 0 | 10 | 132 | 132.00 | 0 | 0 |
| Mythology | 0 | 1 | 1 | 0 | 5 | 127 | 127.00 | 0 | 0 |